Krv je len voda

Bibliographic Details
Main Author: Micenková, Jana, 1980- (Author)
Format: Book
Language:Slovak
PhysicalDescription:419 strán 21 cm
Published: Bratislava Marenčin PT 2021
ISBN:9788056906330
Edition:1. vydanie
Subjects:

MARC

LEADER 00000cam a2200000 4500
001 vtls012054528
003 SK-MaSNL
005 20260429172127.0
008 210518s2021 xo gr 000 f slo
015 |a SNBA2022/2 
020 |a 9788056906330  |q (viazané) 
040 |a SNK  |b slo  |c SNK  |e rda 
041 0 |a slo 
044 |a xo  |c SK 
072 7 |a 821.162.4-3  |x Slovenská próza  |2 konspekt 
080 |a 821.162.4-32  |2 2011 
080 |a 821-311.1  |2 2011 
080 |a (0:82-311.1)  |2 2011 
080 |a 821.162.4-31  |2 2011 
100 1 |a Micenková, Jana,  |d 1980-  |4 aut  |9 177820 
245 1 0 |a Krv je len voda  |c Jana Micenková 
250 |a 1. vydanie 
264 1 |a Bratislava  |b Marenčin PT  |c 2021 
300 |a 419 strán  |c 21 cm 
336 |a text  |b txt  |2 rdacontent 
337 |a bez média  |b n  |2 rdamedia 
338 |a zväzok  |b nc  |2 rdacarrier 
655 7 |a slovenská próza  |2 SNKPH  |9 104890 
655 7 |a psychologické romány  |2 SNKPH  |9 70762 
655 7 |a Psychological novels  |2 SNKPHeng  |9 277050 
852 |a Štátna vedecká knižnica v Banskej Bystrici 
919 |a 978-80-569-0633-0 
958 |a LX 
999 |c 1018913  |d 1020843 
952 |a SNK  |b SNK  |y PREZ  |7 0  |p 17A1458455  |o snkSC 194149  |i snk2021/12406  |8 0  |0 0  |1 0  |4 0  |d 2021-09-13  |f 1  |l 0  |r 2025-10-10 00:00:00  |w 2026-02-24 
952 |a SNK  |b SNK  |y PREZ  |7 0  |p 17A1458456  |o snkSC 194149 D1  |i snk2021/12407  |8 0  |0 0  |1 0  |4 0  |d 2021-09-13  |l 0  |r 2026-02-24 13:16:52  |w 2026-02-24